Регионална библиотека "Любен Каравелов" - Русе

Куцулан IV (Запис номер 472987)

MARC детайли
000 -Лидер
Контролно поле с фиксирана дължина 01195nam a2200313 a 4500
003 - Код на организацията, давaща контролен номер
Контролно поле BLK
005 - Дата и час на последна редакция
Контролно поле 20250722113512.0
008 - Елементи от данни с фиксирана дължина
fixed length control field 210514b bu |||||r|||| 00| | bu d
020 ## - Международен стандартен номер на книга ISBN
Международен стандартен номер на книга ISBN 9786199212608
040 ## - Източник на каталожния запис
Идентификатор на билиотеката - собственик на записа BLK
041 ## - Код за език
Код за езика на текст/звукозапис или на отделно заглавие Български
Код за езика КДБФ Български
080 ## - УДК
Текстов определител УДК Българска литература
УДК код - определител по УДК 821.163.2
УДК определител -312.9
УДК - код + определител 821.163.2-312.9
100 ## - Редна дума - Автор
Автор Луи
R(LIN) 480562
Дати, свързани с автора 1977-
Пълна форма на името Павлов, Богдан Николаев
139 ## - Редно поле
Редна дума Луи
245 ## - Сведения за заглавието
Заглавие Куцулан IV
Подзаглавни данни Секновение
Редно поле (дума) Луи ; ил. Ваня Колева.
257 ## - Страна на издаване
Страна на създаване/издаване България
260 ## - Област на издателските данни
9 (RLIN) 453461
Място на издаване, разпространение и проч. Бургас
Име на издателя, разпространителя и проч. Луи
Година на издаване 2022
Печатница (Бургас : ЦДМ)
300 ## - Физическа характеристика
Страници 200 с.
Илюстрации и др. с ил.
Размери/Мащаб 22 см
380 ## - Жанр
Жанр Худож. лит.
500 ## - Общи забележки
Забележка Загл. в изд. каре: Куцулан IV Секновение. - Луи - псевд. на авт. Богдан Николаев Павлов.
700 ## - Други автори (авторска отговорност)
9 (RLIN) 599
Лично име Колева, Ваня Николаева
Автороска отговорност (Описва отношението между автора и произведението) ил.
700 ## - Други автори (авторска отговорност)
Лично име Павлов, Богдан Николаев
Друга информация Луи
9 (RLIN) 417251
852 ## - Местоположение
Форматна сигнатура Цб 314192
Фондова буква Хранилище
856 ## - Електронен адрес и достъп
Инструкция (цена за достъп) 0.00
Права за достъп disable
942 ## - АРТИКУЛИ
Вид на библиотечния материал Книги
Скрит в OPAC Не
Периодичен библиозапис Да
Koha issues (borrowed), all copies 14
944 ## - СЪЗДАВАНЕ И РЕДАКЦИЯ на ЗАПИСА
Създаване/Редакция Създаване
Дата на регистрацията/редакция 2022-09-09
Служител, извършил регистрацията/редакцията 30575
Статус, дата на статуса Мартин Енчев
999 ## - СИСТЕМНИ КОНТРОЛНИ НОМЕРА
Koha biblionumber 472987
Koha biblioitemnumber 472987
999 ## - СИСТЕМНИ КОНТРОЛНИ НОМЕРА
Koha biblioitemnumber 472987
999 ## - СИСТЕМНИ КОНТРОЛНИ НОМЕРА
Koha biblioitemnumber 472987
Наличности
Код за отписване Код за изгубен артикул Източник на класификационната схема Код за повреда Коз за рестрикции Код за отдаване Артикулен № Име на библиотеката - собственик Име на библиотеката, в която се намира в момента Статус (Текущо местоположение) Дата на вписване в системата Местоположение - отдел Цена в лева Систематично азбучна сигнатура Баркод Цена в евро Служебен тип на артикула Инвентарен номер
  Не е изгубен Universal Decimal Classification Не е повреден само за читалня ползва се в читалня 904024 Регионална библиотека "Любен Каравелов" Русе Регионална библиотека "Любен Каравелов" Русе Хранилище 2022-09-13 Хранилище 19.00 Цб 314192 120000876504 9.71 Книги  
  Не е изгубен Universal Decimal Classification Не е повреден   заемане за дома 933223 Регионална библиотека "Любен Каравелов" Русе Регионална библиотека "Любен Каравелов" Русе Заемна - подръчен фонд 2023-08-24 Заемна - подръчен фонд 17.10 821.163.2-31/Л 85 120000892396 8.74 Книги 120000892396
  Не е изгубен Universal Decimal Classification Не е повреден   заемане за дома 933224 Регионална библиотека "Любен Каравелов" Русе Регионална библиотека "Любен Каравелов" Русе Заемна - подръчен фонд 2023-08-24 Заемна - подръчен фонд 17.10 821.163.2-31/Л 85 120000892395 8.74 Книги 120000892395
Vip Innovations Ltd, Rousse, Bulgaria 2025